[Event "Leiden Noteboom Memorial 75th"]
[Site "Leiden"]
[Date "2015.02.15"]
[Round "5"]
[White "Otten, Martijn"]
[Black "Guliyev, Namig"]
[Result "0-1"]
[WhiteElo "2046"]
[BlackElo "2536"]
[PlyCount "76"]
[EventDate "2015.02.13"]
[EventType "swiss"]
[EventRounds "6"]
[EventCountry "NED"]
[SourceTitle "CBM 164 Extra"]
[Source "ChessBase"]
[SourceDate "2015.03.02"]
[SourceVersion "1"]
[SourceVersionDate "2015.03.02"]
[SourceQuality "1"]

1. d4 d5 2. c4 dxc4 3. e4 b5 4. a4 c6 5. axb5 cxb5 6. Nc3 Bd7 7. Nf3 e6 8. Be2 Bb4 9. 0-0 Ne7 10. Qc2 0-0 11. Bf4 a5 12. Rfd1 Ng6 13. Bg3 Re8 14. h4 Na6 15. h5 Nf8 16. Ne5 f6 17. Nxd7 Qxd7 18. e5 Bxc3 19. Qxc3 Nb4 20. h6 Nd5 21. Qd2 f5 22. hxg7 Ng6 23. Rxa5 c3 24. Bxb5 Qxb5 25. Rxb5 cxd2 26. f3 f4 27. Bf2 Ne3 28. Rxd2 Ra1+ 29. Be1 Rxe1+ 30. Kf2 Rf1+ 31. Ke2 Rg1 32. g4 fxg3 33. Kxe3 Re1+ 34. Re2 Rxe2+ 35. Kxe2 Nf4+ 36. Ke3 g2 37. Kf2 Rc8 38. Rc5 Nd3+ 0-1

[Event "Borne Euro Chess op-A"]
[Site "Borne"]
[Date "2011.08.04"]
[Round "6"]
[White "Otten, Martijn"]
[Black "Mostertman, Milan"]
[Result "0-1"]
[WhiteElo "1956"]
[BlackElo "2232"]
[PlyCount "66"]
[EventDate "2011.08.01"]
[EventType "swiss"]
[EventRounds "9"]
[EventCountry "NED"]
[SourceTitle "CBM 143 Extra"]
[Source "ChessBase"]
[SourceDate "2011.08.29"]
[SourceVersion "1"]
[SourceVersionDate "2011.08.29"]
[SourceQuality "1"]

1. d4 Nf6 2. c4 e6 3. Nc3 Bb4 4. a3 Bxc3+ 5. bxc3 b6 6. f3 Nc6 7. e4 d6 8. Bg5 h6 9. Bh4 Ne7 10. Ne2 Ng6 11. Bf2 c5 12. Qd2 Ba6 13. Nf4 Ne7 14. Rc1 Nc6 15. Bd3 Na5 16. Qa2 Qd7 17. a4 cxd4 18. cxd4 g5 19. c5 Bxd3 20. Nxd3 dxc5 21. dxc5 Qxd3 22. Qb2 Rd8 23. cxb6 0-0 24. bxa7 Nb3 25. a8Q Nxc1 26. Qxd8 Rxd8 27. Qxc1 Rb8 28. Bb6 Rxb6 29. Kf2 Qd4+ 30. Kg3 Nxe4+ 31. fxe4 Rb3+ 32. Kg4 Qxe4+ 33. Kh5 Qg6+ 0-1

[Event "NED-ch op U18"]
[Site "Enschede"]
[Date "2010.08.09"]
[Round "1"]
[White "Lambrechts, Koen"]
[Black "Otten, Martijn"]
[Result "1-0"]
[WhiteElo "2156"]
[BlackElo "1861"]
[PlyCount "125"]
[EventDate "2010.08.09"]
[EventType "swiss"]
[EventRounds "9"]
[EventCountry "NED"]
[SourceTitle "CBM 137 Extra"]
[Source "ChessBase"]
[SourceDate "2010.09.01"]
[SourceVersion "1"]
[SourceVersionDate "2010.09.01"]
[SourceQuality "1"]

1. e4 e6 2. d4 d5 3. Nc3 Bb4 4. e5 b6 5. Qg4 Bf8 6. Be3 Ba6 7. Bxa6 Nxa6 8. a3 Qd7 9. Nge2 Ne7 10. Ng3 0-0-0 11. Qe2 Kb7 12. 0-0 f6 13. f4 Qe8 14. b4 h5 15. Rfb1 h4 16. Nf1 h3 17. g3 Qg6 18. b5 Nb8 19. a4 Nf5 20. a5 fxe5 21. fxe5 Rh4 22. axb6 axb6 23. Ra4 Be7 24. Rba1 Kc8 25. Bf2 Rf8 26. Kh1 Qg4 27. Qxg4 Rxg4 28. Bg1 Nh6 29. Ne3 Rg6 30. Ncxd5 exd5 31. Nxd5 Bd8 32. Nf4 Rg4 33. Nxh3 Re4 34. Rc4 Ng4 35. Rc3 Rh8 36. Nf2 Nxf2+ 37. Bxf2 Re2 38. Bg1 Kb7 39. Rf1 Nd7 40. Rf7 Nf8 41. Rc6 Nh7 42. Rf2 Rxf2 43. Bxf2 Rf8 44. Kg2 Ng5 45. Rg6 Ne4 46. Be3 Rf7 47. c4 Be7 48. h4 Bb4 49. Rg4 Nd2 50. d5 Re7 51. e6 Nb3 52. Kf3 Nc5 53. Bxc5 bxc5 54. Ke4 Bc3 55. Kf5 Kb6 56. Kg6 Ka5 57. Rf4 Kb4 58. Rf7 Re8 59. Rxc7 Kxc4 60. Kf7 Rb8 61. e7 Be5 62. Rd7 Bxg3 63. b6 1-0

[Event "NED-ch U17"]
[Site "Venlo"]
[Date "2009.04.26"]
[Round "3"]
[White "Otten, Martijn"]
[Black "Mostertman, Xander"]
[Result "0-1"]
[WhiteElo "1735"]
[BlackElo "1837"]
[PlyCount "76"]
[EventDate "2009.04.24"]
[EventType "swiss"]
[EventRounds "9"]
[EventCountry "NED"]
[SourceTitle "EXT 2013"]
[Source "ChessBase"]
[SourceDate "2012.11.22"]
[SourceVersion "1"]
[SourceVersionDate "2012.11.22"]
[SourceQuality "1"]

1. d4 Nf6 2. c4 c5 3. Nf3 cxd4 4. Nxd4 e5 5. Nf3 Nc6 6. a3 a5 7. Bg5 Bc5 8. e3 d6 9. Nc3 Bg4 10. Ne4 Qe7 11. h3 Bh5 12. g4 Bg6 13. Bxf6 gxf6 14. Ng3 e4 15. Nd2 Qe5 16. Qb1 Bxe3 17. Ndxe4 Bd4 18. Ra2 Qf4 19. Qc2 0-0 20. Bg2 Rae8 21. Kf1 Re5 22. Qd2 Qxd2 23. Nxd2 Bd3+ 24. Kg1 Re1+ 25. Bf1 Rd1 26. b3 Bc3 27. Nge4 Rxf1+ 28. Nxf1 Bxe4 29. f3 Bxf3 30. Rhh2 Bd4+ 31. Rhf2 Re8 32. Ng3 Re1+ 33. Kh2 Bxf2 34. Rxf2 Ne5 35. Nf5 Rd1 36. Nh4 Rd3 37. b4 Rxa3 38. bxa5 Bxg4 0-1

[Event "NED-ch U17"]
[Site "Venlo"]
[Date "2009.04.25"]
[Round "2"]
[White "Klapwijk, Bram"]
[Black "Otten, Martijn"]
[Result "1/2-1/2"]
[WhiteElo "1869"]
[BlackElo "1735"]
[PlyCount "145"]
[EventDate "2009.04.24"]
[EventType "swiss"]
[EventRounds "9"]
[EventCountry "NED"]
[SourceTitle "EXT 2013"]
[Source "ChessBase"]
[SourceDate "2012.11.22"]
[SourceVersion "1"]
[SourceVersionDate "2012.11.22"]
[SourceQuality "1"]

1. e4 e6 2. d4 d5 3. Bd3 Nc6 4. c3 Nf6 5. e5 Nd7 6. Ne2 Be7 7. 0-0 f5 8. Nf4 Nf8 9. Qh5+ g6 10. Qh6 Rg8 11. Nh3 g5 12. Qh5+ Kd7 13. Qf7 Rg6 14. Nxg5 Qe8 15. Qxe8+ Kxe8 16. Nh3 Bd7 17. Be2 Kd8 18. Bh5 Rg8 19. Be3 Be8 20. Be2 Nb8 21. Nd2 Nbd7 22. Rfd1 Nb6 23. c4 dxc4 24. Nxc4 Bc6 25. Nf4 Bg5 26. Nxb6 axb6 27. d5 Ba4 28. b3 Bxf4 29. Bxf4 Bd7 30. dxe6 Nxe6 31. Bg3 Kc8 32. Bc4 b5 33. Bd5 c6 34. Bf3 Ng5 35. Bh5 f4 36. Bh4 Be6 37. Kf1 Bd5 38. Bg4+ Kc7 39. Rac1 Kb6 40. Rc2 Nf7 41. f3 Nxe5 42. Bf2+ Ka6 43. Bf5 Rxg2 44. Rxd5 Rxf2+ 45. Rxf2 cxd5 46. Bxh7 Kb6 47. Bf5 Rf8 48. Be6 Kc5 49. Kg2 Kd6 50. Bg4 Ra8 51. Rd2 Nc6 52. Bf5 Ke5 53. Bb1 Nd4 54. Rd1 Rg8+ 55. Kf2 Rh8 56. Rh1 Rh3 57. Re1+ Kd6 58. Kg2 Rxh2+ 59. Kxh2 Nxf3+ 60. Kg2 Nxe1+ 61. Kf2 Kc5 62. Kxe1 Kb4 63. Kd2 Ka3 64. Kc3 b4+ 65. Kc2 f3 66. Kc1 b6 67. Bd3 Kxa2 68. Kc2 f2 69. Bf1 d4 70. Bc4 Ka3 71. Bd3 Ka2 72. Bc4 Ka3 73. Bd3 1/2-1/2

[Event "NED-ch U15"]
[Site "Venlo"]
[Date "2007.04.30"]
[Round "1"]
[White "Bok, Benjamin"]
[Black "Otten, Martijn"]
[Result "1-0"]
[WhiteElo "1945"]
[BlackElo "1646"]
[PlyCount "51"]
[EventDate "2007.04.30"]
[EventType "swiss"]
[EventRounds "9"]
[EventCountry "NED"]
[SourceTitle "EXT 2009"]
[Source "ChessBase"]
[SourceDate "2008.11.26"]
[SourceVersion "1"]
[SourceVersionDate "2008.11.26"]
[SourceQuality "1"]

1. e4 e5 2. Nf3 Nc6 3. Bb5 a6 4. Ba4 Nf6 5. 0-0 Nxe4 6. d4 b5 7. Bb3 d5 8. dxe5 Be6 9. Nbd2 f5 10. exf6 Nxf6 11. Re1 Qd7 12. Ng5 Nd8 13. Qe2 Ke7 14. Ndf3 c5 15. Nxe6 Nxe6 16. Ng5 Ne4 17. Nxe4 dxe4 18. Qxe4 c4 19. Qxa8 cxb3 20. axb3 Kf7 21. Qf3+ Kg8 22. Qg4 Nc5 23. Qxd7 Nxd7 24. Rxa6 h5 25. Ra7 Nf6 26. Bg5 1-0

[Event "NED-ch U13"]
[Site "Rijswijk"]
[Date "2005.05.05"]
[Round "1"]
[White "Busscher, Floris"]
[Black "Otten, Martijn"]
[Result "1-0"]
[WhiteElo "1624"]
[BlackElo "1335"]
[PlyCount "115"]
[EventDate "2005.05.05"]
[EventType "swiss"]
[EventRounds "9"]
[EventCountry "NED"]
[SourceTitle "EXT 2013"]
[Source "ChessBase"]
[SourceDate "2012.11.22"]
[SourceVersion "1"]
[SourceVersionDate "2012.11.22"]
[SourceQuality "1"]

1. e4 e5 2. Nf3 Nc6 3. Bc4 Bc5 4. c3 Nf6 5. d4 exd4 6. cxd4 Bb4+ 7. Bd2 Nxe4 8. Bxb4 Nxb4 9. Bxf7+ Kf8 10. Qb3 Qe7 11. 0-0 a5 12. Bc4 a4 13. Qd1 d5 14. Bd3 Nxd3 15. Qxd3 Bf5 16. Re1 Re8 17. Nc3 Qd7 18. Ne5 Qc8 19. Nxd5 Nf6 20. Qa3+ c5 21. Nf4 b6 22. Qxa4 Qc7 23. g4 Bd7 24. Nxd7+ Nxd7 25. Ne6+ Rxe6 26. Rxe6 Kf7 27. Rae1 Rd8 28. Re7+ Kf8 29. dxc5 Nxc5 30. Rxc7 Nxa4 31. Rb7 Nxb2 32. Rxb6 Nc4 33. Rb4 Na3 34. Rf4+ Kg8 35. Re2 h6 36. Rfe4 Kf8 37. Kg2 Nb5 38. Rc4 Kf7 39. Re3 Kg8 40. Rb3 Na7 41. Rb7 Nb5 42. Rxb5 Rd2 43. a4 Ra2 44. Ra5 Kf7 45. Re4 Rb2 46. Ra7+ Kg6 47. a5 Rb8 48. a6 Kh7 49. Rb7 Ra8 50. a7 h5 51. gxh5 Kh6 52. Re6+ Kh7 53. Ra6 Kg8 54. Rb8+ Rxb8 55. axb8Q+ Kh7 56. h6 g6 57. Qf8 g5 58. Qg7# 1-0

[Event "NED-ch U13"]
[Site "Rijswijk"]
[Date "2005.05.05"]
[Round "3"]
[White "De Cloet, Jeroen M"]
[Black "Otten, Martijn"]
[Result "1-0"]
[WhiteElo "1575"]
[BlackElo "1335"]
[PlyCount "124"]
[EventDate "2005.05.05"]
[EventType "swiss"]
[EventRounds "9"]
[EventCountry "NED"]
[SourceTitle "EXT 2013"]
[Source "ChessBase"]
[SourceDate "2012.11.22"]
[SourceVersion "1"]
[SourceVersionDate "2012.11.22"]
[SourceQuality "1"]

1. d4 Nf6 2. c4 d5 3. Nc3 Bf5 4. e3 e6 5. Nf3 Bd6 6. Bd3 Bg6 7. 0-0 0-0 8. Bxg6 fxg6 9. cxd5 exd5 10. Qb3 b6 11. Nxd5 Bxh2+ 12. Nxh2 Qxd5 13. Qxd5+ Nxd5 14. Bd2 Nc6 15. Rac1 Nce7 16. e4 Nf6 17. f3 Rac8 18. Bb4 Rfe8 19. Rc2 a5 20. Ba3 b5 21. Bc5 Nd7 22. Rfc1 Nxc5 23. Rxc5 c6 24. Ng4 Red8 25. d5 cxd5 26. Rxc8 Nxc8 27. exd5 Ne7 28. Ne3 Rc8 29. Rd1 Rd8 30. Kf2 Kf7 31. f4 Nf5 32. g4 Nxe3 33. Kxe3 Ke7 34. Ke4 Kd6 35. Kd4 Rd7 36. Rc1 h5 37. Rc6+ Ke7 38. Rxg6 h4 39. Rxg7+ Kd6 40. Rxd7+ Kxd7 41. Ke3 Kd6 42. g5 Kxd5 43. Kf3 Ke6 44. Kg4 Kf7 45. Kxh4 Kg6 46. Kg4 a4 47. f5+ Kg7 48. Kh5 b4 49. g6 a3 50. b3 Kg8 51. Kh6 Kf8 52. Kh7 Ke7 53. g7 Kd6 54. g8Q Kc5 55. Qd8 Kb5 56. Qc8 Kb6 57. Kg7 Ka7 58. Kf7 Kb6 59. Ke7 Ka5 60. Qb8 Ka6 61. Kd6 Ka5 62. Kc6 Ka6 1-0